书目信息 |
| 题名: |
中华藏典·传世文选, 四书五经
|
|
| 作者: | 谭国清 著 | |
| 分册: | 二 | |
| 出版信息: | 北京 西苑出版社 2009.09 |
|
| 页数: | 232页 | |
| 开本: | 24cm | |
| 丛书名: | ||
| 单 册: | ||
| 中图分类: | I211 | |
| 科图分类: | ||
| 主题词: | 文学--作品集--中国 | |
| 电子资源: | ||
| ISBN: | 978-780108-698-3 | |
| 000 | 00825 nam 000265 | |
| 001 | 0100009682 | |
| 005 | 20100803152133.75 | |
| 010 | @a978-780108-698-3@dCNY29.93 | |
| 100 | @a20100729d1997 em y0chiy0121 ea | |
| 101 | @achi | |
| 102 | @aCN@b110000 | |
| 105 | @ay z 000yy | |
| 200 | 10 | @a中华藏典·传世文选, 四书五经@Azhong hua cang dian zhuan shi wen xuan , si shu wu jing@h二@f谭国清著@Ftan guo qing zhu |
| 205 | @a第2版 | |
| 210 | @a北京@c西苑出版社@d2009.09 | |
| 215 | @a232页@d24cm | |
| 330 | @a本书收录了大学、中庸、论语、孟子、周易、尚书、诗经、春秋等。 | |
| 410 | 0 | @12001 |
| 540 | @a中华藏典·传世文选, 四书五经 | |
| 606 | @a文学@x作品集@x中国 | |
| 690 | @aI211@v4 | |
| 701 | 0 | @a谭国清@Atan guo qing@4著 |
| 801 | @aCN@bDYGS@c20100803 | |
| 901 | @a210902 | |
| 905 | @b969846-8@dI211@eT100-2:2=2@f3 | |
| 中华藏典·传世文选, 四书五经.二/谭国清著.-第2版.-北京:西苑出版社,2009.09 |
| 232页;24cm |
| ISBN 978-780108-698-3:CNY29.93 |
| 本书收录了大学、中庸、论语、孟子、周易、尚书、诗经、春秋等。 |
| ● |
| 相关链接 |
|
|
|
正题名:中华藏典·传世文选, 四书五经
索取号:I211/T100-2:2=2
 
预约/预借
| 序号 | 登录号 | 条形码 | 馆藏地/架位号 | 状态 | 备注 |
| 1 | 969846 | 209698460 | 文学库108/108文学库 12排8列2层/ [索取号:I211/T100-2:2=2] | 在馆 | |
| 2 | 969847 | 209698479 | 文学库108/108文学库 12排8列2层/ [索取号:I211/T100-2:2=2] | 在馆 | |
| 3 | 969848 | 209698488 | 文学库108/108文学库 12排8列2层/ [索取号:I211/T100-2:2=2] | 在馆 |